Statistics for People with F Initials

Click here to take the quiz!

General Stats

  • This quiz has been taken 32,590 times
    (11,347 since last reset)
  • The average score is 13 of 24

Answer Stats

CluePerson% Correct
FCCuban dictatorFidel Castro
96%
FMLead singer of QueenFreddie Mercury
95%
FRU.S. President during WWIIFranklin Roosevelt
92%
FFAssassinated June 28, 1914Franz Ferdinand
88%
FADanced with Ginger RogersFred Astaire
74%
FSCrooner known as
"Ol' Blue Eyes"
Frank Sinatra
73%
FKMexican painter best known
for her self-portraits
Frida Kahlo
69%
FN19th century German
philosopher
Friedrich Nietzsche
66%
FYThe "Polka King", no
relation to Weird Al
Frankie Yankovic
59%
FEMarx's partnerFriedrich Engels
59%
FZSinger and guitarist for
The Mothers of Invention
Frank Zappa
56%
FPConquered the IncasFrancisco Pizarro
54%
FD"Crime and Punishment"Fyodor Dostoyevsky
54%
FVFour Seasons lead singerFrankie Valli
52%
FLChelsea's all-time leading
goal scorer
Frank Lampard
46%
FJSprinter known as "Flo-Jo"Florence Griffith
Joyner
43%
FWArchitect who designed
the Guggenheim in N.Y.C.
Frank Lloyd Wright
42%
FQProducer of "Tom and Jerry",
not the mayor of Springfield
Fred Quimby
41%
FOYoda puppeteerFrank Oz
39%
FB17th-century scientist and
Lord Chancellor of England
Francis Bacon
37%
FXJesuit missionary
who ventured into Asia
Francis Xavier
35%
FHAuthor of "Dune"Frank Herbert
32%
FGArchitect who designed
the Guggenheim in Bilbao
Frank Gehry
21%
FTTennessee Senator who
starred in several movies
Fred Thompson
18%

Score Distribution

Percentile by Number Answered

Percent of People with Each Score

Your Score History

You have not taken this quiz since the last reset